Premier League Teams Relegated Three or More Times - Statistics

General Stats
  • This quiz has been taken 314 times
    219 since last reset
  • The average score is 10 of 14
Answer Stats
Club % Correct
Norwich City
92%
Fulham
79%
Sunderland
77%
West Bromwich Albion
77%
Sheffield United
76%
Leicester City
72%
Crystal Palace
69%
Queens Park Rangers
69%
Watford
69%
Bolton Wanderers
63%
Hull City
61%
Birmingham City
60%
Middlesbrough
60%
Nottingham Forest
60%
No matching quizzes found
Score Distribution
Percent of People with Each Score
Percentile by Number Answered
Your Score History
You have not taken this quiz since the last reset